000 01929nam a2200493 i 4500
001 6800
003 KOSZ 005
005 20220303131303.0
008 980702s1995 pl a f |000 0 pol
015 _aPB 1996/15308
020 _a8390051087
040 _aWA N
_cWA N
_dKOSZ 005/HR
041 0 _apol
_beng
046 _k1994
080 _a621.78
080 _a620.1
080 _a539.3/.4
100 1 _aKukiełka, Leon
_d(1951- )
_eAutor
245 1 0 _aTeoretyczne i doświadczalne podstawy powierzchniowego nagniatania tocznego z elektrokontaktowym nagrzewaniem /
_cLeon Kukiełka.
260 _aKoszalin :
_bWydaw. Uczelniane WSI,
_c1994.
300 _a348 s. :
_bfot., rys., wykr. ;
_c25 cm.
336 _2rdacontent
_aTekst
_btxt
337 _2rdamedia
_aBez urządzenia pośredniczącego
_bn
338 _2rdacarrier
_aWolumin
_bnc
380 _aKsiążki
380 _aPublikacje naukowe
380 _aPublikacje dydaktyczne
385 _mPoziom nauczania
_aSzkoły wyższe
388 _a1901-2000
388 _a1989-2000
490 1 _aMonografia Wydziału Mechanicznego / Wyższa Szkoła Inżynierska w Koszalinie,
_x0239-7129.
500 _aNumeracja serii gł.: nr 47.
546 _aStreszcz. ang.
650 4 _aNagrzewanie
650 4 _aNagniatanie
650 4 _aNaprężenia i odkształcenia
658 _aInżynieria i technika
710 2 _aWydawnictwo Uczelniane (Wyższa Szkoła Inżynierska ; Koszalin)
_4pbl.
830 0 _aMonografie - Wyższa Szkoła Inżynierska, Koszalin ;
_v47.
830 0 _aMonografia Wydziału Mechanicznego - Wyższa Szkoła Inżynierska w Koszalinie.
856 _uhttp://dlibra.tu.koszalin.pl/dlibra/docmetadata?id=289&from=&dirids=1&ver_id=&lp=1&QI=
_yBiblioteka Cyfrowa
856 _uhttp://koha.tu.koszalin.pl/cgi-bin/koha/opac-detail.pl?biblionumber=6800
_yKatalog online BPK
942 _2UKD
_cKS
999 _c6800
_d6800